Próba wysadzenia pomnika Armii Czerwonej w Krośnie w listopadzie 1945 r.
| Titel: | Próba wysadzenia pomnika Armii Czerwonej w Krośnie w listopadzie 1945 r. / Ryszard Sługocki |
|---|---|
| Verfasser: | |
| In: |
Krosno i powiat krośnieński w latach 1944 - 1956, (2009), Seite 387-418 alle Artikel anzeigen |
| Veröffentlicht: | 2009 |
| Format: | Aufsatz |
| Sprache: | Polnisch |
X
alg: 53853135
001A $03025:28-11-25
001B $03025:28-11-25 $t13:53:38.000
001D $03025:28-11-25
001U $0utf8
001X $00
002@ $0Aou
002C $aText $btxt $2rdacontent
002D $aohne Hilfsmittel zu benutzen $bn $2rdamedia
002E $aBand $bnc $2rdacarrier
003@ $0538531355
010@ $apol
010E $erda
011@ $a2009
021A $aPróba wysadzenia pomnika Armii Czerwonej w Krośnie w listopadzie 1945 r. $hRyszard Sługocki
028A $aSługocki $dRyszard
031A $h387-418 $j2009
039B $aEnthalten in $8--Aau--. Krosno i powiat krośnieński w latach 1944 - 1956. - Rzeszów {[u.a.] : Instytut Pamie̜ci Narodowej, Komisja Ścigania Zbrodni przeciwko Narodowi Polskiemu, 2009. - 446 S.. - ISBN 978-83-7629-112-3 $x200900000000000613 $9225944030
044K $RWoiwodschaft Vorkarpaten $74232060-4 $8Krosno [Tg1] $9086212575
044K $RWoiwodschaft Vorkarpaten $#Krosno powiat $#Kreis Krosno Woiwodschaft Karpatenvorland $71183815697 $8Powiat krośnieński$gwojewództwo podkarpackie [Tg1] $9447783203
044K $RGedenkstätte $RErinnerungsort $#Monuments $#Monuments $#Monumenti $#Historische Stätte $#Denkmal $#Denkmal $#Monument $#Mahnmal Denkmal $#Denkmäler $74011453-3 $8Denkmal [Ts1] $9085023302
044K $RRossijskaja Social'-Demokratičeskaja Rabočaja Partija (Bol'ševikov) $RRussische SFSR $RSowjetunion $#Raboče-Krestʹjanskaja Krasnaja Armija Sowjetunion $#Sowjetunion, Krasnaja Armija $#Krasnaja Armija Sowjetunion $#Sowjetunion, Red Army $#Red Army Sowjetunion $#Sowjetunion, Armée rouge $#Armée rouge Sowjetunion $#Sowjetunion, Rote Armee $#Rote Armee Sowjetunion $#RKKA SSSR $7130443-4 $8Sowjetunion$bRaboče-Krestʹjanskaja Krasnaja Armija [Tb1] $9040793427
045F $a355.00943809044 $eDDC23BSB
045F/01 $a355.009
045F/03 $f09044
045F/03 $g438
045F/03 $g4708
045G $a907.10943809044 $eDDC23BSB
045G/01 $a907.1
045G/03 $f09044
045G/03 $g438
045G/03 $g4708
045R $aGeschichte 1945
lok: 53853135 78
exp: 53853135 78 1 #EPN
201B/01 $028-11-25 $t13:52:30.000
201C/01 $028-11-25
201U/01 $0utf8
203@/01 $01326281011
208@/01 $a28-11-25 $be
209A/01 $a/ $f000 $x00
209A/01 $ab*p $x01
220C/01 $apgar
244Z/01 $#Generalgouvernement Polen $#Polska $#Rzeczpospolita Polska $#Polska Rzeczpospolita Ludowa $#Poland $#Pologne $#République Polonaise $#Generalne Gubernatorstwo w Polsce $#Polish People's Republic $#Polska Rzeczpospolita Polen $#PRL $#RP $#Polen Generalgouvernement $#Polska Generalgouvernement $#Besetzte Polnische Gebiete $#Besetztes Gebiet in Polen $#Okupowane Polskie Obszary $#Obszary Okupowane w Polsce $#Volksrepublik Polen $#Polska Rosyjska $#Republic Polen $#Respublika Pol'ša $#Pol'skaja Narodnaja Respublika $#République de Pologne $#Polen Links der Weichsel $#Polska po Lewej Stronie Wisły $#Lenkija $#Polija $#Gubernija Carstva Pol'skago $#Republik Polen $74046496-9 $8--Tg1--Polen $x01 $9085129801
247C/01 $82080>Marburg/Lahn, Herder-Institut, Forschungsbibliothek, Bibliographieportal $9336309341
| LEADER | 00000naa a2200000 c 4500 | ||
|---|---|---|---|
| 001 | 538531355 | ||
| 003 | DE-603 | ||
| 005 | 20251128135338.0 | ||
| 007 | tu | ||
| 008 | 251128s2009 xx |||| | u00||u|pol c | ||
| 035 | |a (DE-599)HEB538531355 | ||
| 040 | |a DE-603 |b ger |c DE-603 |d DE-603 |e rda | ||
| 041 | |a pol | ||
| 082 | 0 | 4 | |8 1\u |a 355.00943809044 |q DE-101 |2 23/BSB |
| 083 | 0 | |8 2\u |a 907.10943809044 |q DE-101 |2 23/BSB | |
| 085 | |8 1\u |b 355.009 | ||
| 085 | |8 1\u |z 1 |s 09044 | ||
| 085 | |8 1\u |z 2 |s 438 | ||
| 085 | |8 1\u |z 2 |s 4708 | ||
| 085 | |8 2\u |b 907.1 | ||
| 085 | |8 2\u |z 1 |s 09044 | ||
| 085 | |8 2\u |z 2 |s 438 | ||
| 085 | |8 2\u |z 2 |s 4708 | ||
| 100 | 1 | |a Sługocki, Ryszard | |
| 245 | 0 | 0 | |a Próba wysadzenia pomnika Armii Czerwonej w Krośnie w listopadzie 1945 r. |c Ryszard Sługocki |
| 264 | 0 | |c 2009 | |
| 336 | |a Text |b txt |2 rdacontent | ||
| 337 | |a ohne Hilfsmittel zu benutzen |b n |2 rdamedia | ||
| 338 | |a Band |b nc |2 rdacarrier | ||
| 610 | 1 | 7 | |a Sowjetunion |b Raboče-Krestʹjanskaja Krasnaja Armija |2 gnd |0 (DE-588)130443-4 |0 (DE-603)040793427 |
| 648 | 7 | |a Geschichte 1945 |2 gnd | |
| 650 | 7 | |a Denkmal |0 (DE-588)4011453-3 |0 (DE-603)085023302 |2 gnd | |
| 651 | 7 | |a Krosno |0 (DE-588)4232060-4 |0 (DE-603)086212575 |2 gnd | |
| 651 | 7 | |a Powiat krośnieński |g województwo podkarpackie |0 (DE-588)1183815697 |0 (DE-603)447783203 |2 gnd | |
| 773 | 0 | 8 | |i Enthalten in |t Krosno i powiat krośnieński w latach 1944 - 1956 |d Rzeszów [u.a.] : Instytut Pamie̜ci Narodowej, Komisja Ścigania Zbrodni przeciwko Narodowi Polskiemu, 2009 |h 446 S. |z 9788376291123 |z 8376291122 |g (2009), Seite 387-418 |w (DE-603)225944030 |
| 924 | 0 | |9 2080 |a (DE-603)1326281011 |b DE-2080 |c HES |d d |g / | |


